Poisťovníctvo teória a prax
Gespeichert in:
| 1. Verfasser: | |
|---|---|
| Weitere Verfasser: | , , , , , |
| Format: | Buch |
| Sprache: | Tschechisch Slowakisch |
| Veröffentlicht: |
Praha
Ekopress
2006
|
| Schlagworte: | |
| Tags: |
Keine Tags, Fügen Sie das erste Tag hinzu!
|
MARC
| LEADER | 00000nam$a2200000$$$4500 | ||
|---|---|---|---|
| 001 | 0047363 | ||
| 005 | 20240502083126.3 | ||
| 020 | |a 80-86929-19-1 | ||
| 041 | 0 | |a cze | |
| 041 | 0 | |a slo | |
| 044 | |a CZ | ||
| 245 | 1 | 0 | |a Poisťovníctvo |b teória a prax |
| 264 | 1 | |a Praha |b Ekopress |c 2006 | |
| 300 | |a 288 s. | ||
| 610 | 2 | 0 | |a poistenie |
| 610 | 2 | 0 | |a poisťovníctvo |
| 610 | 2 | 0 | |a trh poistný |
| 610 | 2 | 0 | |a poisťovne |
| 610 | 2 | 0 | |a regulácia |
| 610 | 2 | 0 | |a zákony |
| 610 | 2 | 0 | |a poistenie životné |
| 610 | 2 | 0 | |a poistenie neživotné |
| 610 | 2 | 0 | |a rezervy technické |
| 610 | 2 | 0 | |a solventnosť |
| 610 | 2 | 0 | |a analýza finančná |
| 610 | 2 | 0 | |a zaistenie |
| 610 | 2 | 0 | |a Slovensko |
| 610 | 2 | 0 | |a Česko |
| 100 | 1 | |a Majtánová, Anna | |
| 700 | 1 | |a Daňhel, Jaroslav | |
| 700 | 1 | |a Ducháčková, Eva | |
| 700 | 1 | |a Kafková, Eva | |
| 700 | 1 | |a Sobek, Otto | |
| 700 | 1 | |a Kuľková, Eva | |
| 700 | 1 | |a Huraj, Pavol | |